000 00276nam a2200109Ia 4500
008 200302s9999 xx 000 0 und d
100 _aAlexander Kostka
245 _aNietzsche & An Architecrure of Our Minds
260 _bIssues and Debates
260 _c1999
300 _a363 P.,
999 _c5026
_d5026